000 01037cab a2200289 4500
001 ABS57253
008 090401t1997 xxu||||| |||| 00| 0 eng d
035 _a(Sirsi) u79604
041 _aeng
100 _aTaylor, P.
245 _aMannai and Co-op cases mark major changes in commercial lease law
260 _c1997
350 _a0
490 _aProperty Finance & Development
_v9(6) June 1997, 8-11(4)
520 _aReviews the issues that a commercial landlord or tenant should consider to ensure their lease corresponds with the current law, following court decisions that have made substantial legal changes.
650 _aASSIGNMENT
650 _aBREAK CLAUSES
650 _aCO-OPERATIVE INSURANCE SOCIETY LTD V ARGYLL STORES
650 _aCOMMERCIAL LEASES
650 _aKEEP OPEN COVENANTS
650 _aMANNAI INVESTMENT CO LTD V EAGLE STAR LIFE ASSURANCE CO LTD UK
650 _aREPAIRS
650 _aRESTRICTIVE COVENANTS
690 _aPROPERTY-COMMERCIAL PROPERTY
942 _n0
948 _c14/07/1997
999 _c50060
_d50060